| 000 | 01163nam a2200265 a 4500 | ||
|---|---|---|---|
| 001 | BRCA_9044 | ||
| 005 | 20190320210514.0 | ||
| 008 | 250817s2017----sp-a######---#000-0#spa-# | ||
| 020 | _a9788494655937 | ||
| 041 | _aspa | ||
| 044 | _asp | ||
| 050 | 4 |
_aNK7114 _b.T47 2017 |
|
| 245 | 1 | 0 |
_aEl tesoro del lugar florido _bestudios sobre la plata iberoamericana : siglos XVI-XIX _ccoordinadores Juan Haroldo Rodas Estrada, Nuria Salazar Simarro, Jesús Paniagua Pérez. |
| 260 |
_a[León] _bEl Forastero ; Instituto de Humanismo y Tradición Clásica ; [México] : INAH _c2017 |
||
| 300 |
_a614 p. _bil., mapas, tablas, gráficas _c30 cm. |
||
| 500 | _aincluye índice onomástico y geográfico | ||
| 504 | _aIncluye referencias bibliográficas | ||
| 650 | 1 | 4 |
_aPlata _xHistoria _ySiglo XVI-XIX _zAmérica Latina _919376 |
| 650 | 1 | 4 |
_aPlata _xHistoria - Minas y extracción _ySiglo XVI-XIX _zAmérica Latina _922413 |
| 650 | 1 | 4 |
_aOrfebrería _xHistoria _ySiglo XVI-XIX _zAmérica Latina _919378 |
| 700 | 1 |
_aRodas Estrada, Juan Haroldo _ecoord. _922414 |
|
| 700 | 1 |
_aSalazar Simarro, Nuria _ecoord. _97071 |
|
| 700 | 1 |
_aPaniagua Pérez, Jesús _ecoord. _92812 |
|
| 942 |
_2lcc _cB |
||
| 999 |
_c8694 _d8694 |
||